00437nam a2200157Ia 45000010006000000050017000060080041000230410008000640820013000721000032000852450109001172600009002263000028002356500008002636540008002711947420260306172655.0260306t1988||||xx |||||||||||||| ||spa|| aESP a340bA51 aAlzamora Valdez, MarioeAUT 0aEstudios jurídicos en honor de los profesores Carlos Fernández Sessarego y Max Arias Schreiber Pezet c1988 a440 páginas :c24 cm. aGEN aCDE